FINITE MATHEMATICS / (Record no. 616835)

000 -LEADER
fixed length control field 00347nam a22001337a 4500
020 ## - INTERNATIONAL STANDARD BOOK NUMBER
Qualifying information HB.
040 ## - CATALOGING SOURCE
Transcribing agency FIZZA ISHAQ
082 ## - DEWEY DECIMAL CLASSIFICATION NUMBER
Classification number 510
Author Mark KAR
100 ## - MAIN ENTRY--PERSONAL NAME
Personal name SMITH,J.KARL.
9 (RLIN) 102384
245 ## - TITLE STATEMENT
Title FINITE MATHEMATICS /
Statement of responsibility, etc. KARL J.SMITH.
260 ## - PUBLICATION, DISTRIBUTION, ETC.
Place of publication, distribution, etc. NEW YORK ;
Name of publisher, distributor, etc. BROOKS COLE PUBLISHING COMPANY,
Date of publication, distribution, etc. 1985.
300 ## - PHYSICAL DESCRIPTION
Extent 596 P. ;
Dimensions 9.8X7.9IN
942 ## - ADDED ENTRY ELEMENTS (KOHA)
Source of classification or shelving scheme
Koha item type Book
Holdings
Withdrawn status Lost status Source of classification or shelving scheme Damaged status Not for loan Permanent Location Current Location Shelving location Date acquired Total Checkouts Full call number Barcode Date last seen Price effective from Koha item type
          NUST Baluchistan Campus (NBC) NUST Baluchistan Campus (NBC) General Stacks 04/03/2026   510 KAR QD- 55 04/03/2026 04/03/2026 Book
© 2023 Central Library, National University of Sciences and Technology. All Rights Reserved.